| 000 | 00585nam a22001817a 4500 | ||
|---|---|---|---|
| 999 |
_c190487 _d190487 |
||
| 005 | 20220726154431.0 | ||
| 010 | _aENG-133986 | ||
| 020 |
_a9788180482397 _c250.00 |
||
| 035 | _aEN-117518 | ||
| 037 | _bDBAD/PUB | ||
| 082 | _a881.08 | ||
| 100 | _aKaur, Kulbir | ||
| 245 |
_aTeaching English Poetry in Indian Classroom/ _cKulbir Kaur |
||
| 260 |
_aChandigarh _bArun Publishing House Pvt. Ltd. _c2013 |
||
| 270 |
_bChandigarh _aSCO 49-51, Sector 17 C, _e160017 _k(0172)-2702189 _marunpublishing@gmail.com |
||
| 300 |
_a96p. _c22cm(hb) |
||
| 942 |
_2ddc _cEN _h881.08 _mKAU |
||